000 00694nam a22002177a 4500
003 OSt
005 20250709072057.0
008 250709b |||||||| |||| 00| 0 eng d
020 _a9789719654421
040 _aDWCL - Main lib
_cOC
082 _aFil. 344.01 P397la 2016
100 _aPeñaflor, Karyl O.
245 _aLabor laws and social legislation/
_cKaryl O. Peñaflor
250 _aFirst edition.
260 _a Manila :
_bUnlimited Books,
_cc2016.
300 _axii, 457 pages ;
_c 26 cm.
504 _aIncludes bibliographical references and index.
650 _a1. Labor laws and legislation.
700 _aLito A. Peñaflor
942 _2ddc
_cBK - FIL
_eFirst edition.
_kFil.
_n0
999 _c3540
_d3540